| 000 | 00718nam a2200241 u 4500 | ||
|---|---|---|---|
| 005 | 20220817063536.0 | ||
| 008 | 130827s1999 es r 000 0 spa d | ||
| 020 | _a8495178214 | ||
| 035 | _aUPN01000192488 | ||
| 049 | _aCG | ||
| 050 | 4 |
_aJC311 _bT5.7 |
|
| 100 | 1 |
_aThom, Martin _934310 |
|
| 245 | 1 | 0 |
_aRepúblicas, naciones y tribus / _cMartin Thom ; tr. Consuelo Fernández Cuartas. |
| 260 |
_aGijón, Esp. : _bTrea, _c1999. |
||
| 300 | _a422 p. | ||
| 440 | 0 |
_aTrea Letras ; _v4 |
|
| 534 |
_pTítulo original: _tRepublics, nations and tribes |
||
| 650 | 7 |
_aNacionalismo _2 _910025 |
|
| 650 | 4 |
_aNACIONALISMO - _zEUROPA _98918 |
|
| 650 | 4 |
_aTRIBUS Y SISTEMA TRIBAL _922476 |
|
| 905 | _aLibro | ||
| 999 |
_c164590 _d164590 |
||